000 04731nam a22004817a 4500
005 20110426154449.0
008 090408t xxu||||| |||| 00| 0 hin d
010 _aHIN-96622 B-490099-113
020 _a9788180422096
_c200.00
035 _aHN-68968 B-490099-113
037 _bDBAD / PUB
037 _bओशियन बुक्स
040 _aDPL
_bHN
082 _a921
100 _927482
_aबानो सरताज
245 _aभारत की इक्तालीस प्रथम महिलाएं /
_cबानो सरताज
_hविविध क्षेत्रों में
260 _aनई दिल्ली
_bमाडर्न पब्लिशिंग हाउस
_c2011
270 _a9, गोला मार्केट,दरिया गंज
_bनई दिल्ली
_e110002
_k01123278869, 931256664
_mVIJAYBOOKS@YAHOO.COM
300 _a112पृ
_c22 सेमी (सजिल्द)
650 _91169
650 _91170
700 _927483
710 _952094
942 _adpl
_cHN
_2ddc
_mबानोस
_h921
999 _c69780
_d69780